| 000 | 00663nam a22002057a 4500 | ||
|---|---|---|---|
| 005 | 20240614114916.0 | ||
| 010 | _aENG-140603 | ||
| 020 |
_c415.00 _a9788119896912 |
||
| 035 | _aEN-124135 | ||
| 037 | _bDBAD | ||
| 082 |
_a530 _21 |
||
| 100 |
_aLulla, Ajit _967508 |
||
| 245 |
_aNTA CUET UG Physics/ _cBy Ajit Lulla [and] Prashant Jain |
||
| 250 | _a1 | ||
| 260 |
_aNoida _bPearson India Education Pvt Ltd _c2024 |
||
| 270 |
_a1st Floor, Berger Tower, Plot No. C-001/2, Sector 16B _bNoida _e201301 _mcompanysecretary.india@pearson.com |
||
| 300 |
_avp. _c23cm(pbk) |
||
| 700 |
_aJain, Prashant _eAuthor _967483 |
||
| 942 |
_2ddc _cEN _h530 _mLUL _e1 |
||
| 999 |
_c203597 _d203597 |
||